000 00709nam a2200289Ia 4500
005 20260324125920.0
008 008 260324s9999 xx 000 0 eng d
020 _a9780203894163
037 _aEBOOK
040 _aCRL
040 _beng
040 _cCRL
041 _2eng
041 _aeng
084 _qCRL
100 _aJANET R Moyles; Theodora Papatheodorou
_91179819
245 0 _aLearning Together in the Early Years
245 0 _bExploring Relational Pedagogy
260 _bTaylor and Francis
260 _c2008
365 _a
365 _b290
856 _uhttp://www.taylorfrancis.com/books/9780203894163
942 _cEBOOK
999 _c1775485
_d1775485